[Event "Arandjelovac ASK-11 IM"]
[Site "Arandjelovac"]
[Date "2023.12.08"]
[Round "6"]
[White "Vlajkovic, Stanko"]
[Black "Vojinovic, Luka"]
[Result "1/2-1/2"]
[WhiteElo "2233"]
[BlackElo "2243"]
[PlyCount "28"]
[EventDate "2023.12.04"]
[EventType "tourn"]
[EventRounds "9"]
[EventCountry "SRB"]
[SourceTitle "CB51_2023"]
[SourceDate "2023.12.20"]
[SourceVersion "1"]
[SourceVersionDate "2023.12.20"]
[SourceQuality "1"]

1. Nf3 Nf6 2. b3 e6 3. Bb2 d5 4. g3 Be7 5. Bg2 0-0 6. 0-0 c5 7. c4 Nc6 8. cxd5 exd5 9. d4 cxd4 10. Nxd4 Ne4 11. Nxc6 bxc6 12. Nd2 Nxd2 13. Qxd2 Bf6 14. Bxf6 Qxf6 1/2-1/2

[Event "Arandjelovac ASK-11 IM"]
[Site "Arandjelovac"]
[Date "2023.12.06"]
[Round "4"]
[White "Pikula, Dejan"]
[Black "Vojinovic, Luka"]
[Result "1/2-1/2"]
[WhiteElo "2336"]
[BlackElo "2243"]
[PlyCount "38"]
[EventDate "2023.12.04"]
[EventType "tourn"]
[EventRounds "9"]
[EventCountry "SRB"]
[SourceTitle "CB51_2023"]
[SourceDate "2023.12.20"]
[SourceVersion "1"]
[SourceVersionDate "2023.12.20"]
[SourceQuality "1"]

1. d4 d5 2. c4 c6 3. Nf3 Nf6 4. cxd5 cxd5 5. Nc3 Nc6 6. Bf4 a6 7. e3 Bf5 8. Bd3 Bxd3 9. Qxd3 e6 10. 0-0 Bd6 11. Bxd6 Qxd6 12. Rfe1 0-0 13. Na4 Nd7 14. Rac1 Rfc8 15. Nc5 Nxc5 16. Rxc5 Ne7 17. Rec1 Rxc5 18. Rxc5 Rc8 19. Rxc8+ Nxc8 1/2-1/2

[Event "Arandjelovac ASK-11 IM"]
[Site "Arandjelovac"]
[Date "2023.12.06"]
[Round "3"]
[White "Sredojevic, Ivan"]
[Black "Vojinovic, Luka"]
[Result "1/2-1/2"]
[WhiteElo "2267"]
[BlackElo "2243"]
[PlyCount "33"]
[EventDate "2023.12.04"]
[EventType "tourn"]
[EventRounds "9"]
[EventCountry "SRB"]
[SourceTitle "CB51_2023"]
[SourceDate "2023.12.20"]
[SourceVersion "1"]
[SourceVersionDate "2023.12.20"]
[SourceQuality "1"]

1. e4 c5 2. Nf3 Nc6 3. d4 cxd4 4. Nxd4 Nf6 5. Nc3 e6 6. Ndb5 d6 7. Bf4 e5 8. Bg5 a6 9. Na3 b5 10. Bxf6 gxf6 11. Nd5 Bg7 12. c3 f5 13. exf5 Bxf5 14. Nc2 Be6 15. Nce3 0-0 16. Bd3 f5 17. Qh5 1/2-1/2

[Event "SRB-chT 1st League CS"]
[Site "Banja Vrujci"]
[Date "2022.10.08"]
[Round "10.3"]
[White "Kojovic, Dragan"]
[Black "Vojinovic, Luka"]
[Result "0-1"]
[WhiteElo "2285"]
[BlackElo "2267"]
[PlyCount "78"]
[EventDate "2022.10.01"]
[EventType "team-tourn"]
[EventRounds "11"]
[EventCountry "SRB"]
[SourceTitle "CBM 210 Extra"]
[Source "ChessBase"]
[SourceDate "2022.11.30"]
[SourceVersion "1"]
[SourceVersionDate "2022.11.30"]
[SourceQuality "1"]
[WhiteTeam "Gornji Milanovac Metalac"]
[BlackTeam "Arandjelovac"]
[WhiteTeamCountry "SRB"]
[BlackTeamCountry "SRB"]

1. e4 c5 2. Nc3 Nc6 3. Bb5 Nd4 4. Nf3 a6 5. Bc4 e6 6. Nxd4 cxd4 7. Ne2 b5 8. Bb3 Bc5 9. d3 Ne7 10. 0-0 0-0 11. Ng3 Bb7 12. Qh5 Rc8 13. f4 g6 14. Qe2 f5 15. Kh1 Rf7 16. Bd2 Nc6 17. exf5 gxf5 18. Qh5 Ne7 19. Rae1 Rg7 20. Re5 Kh8 21. Rf2 Bd6 22. Re1 Ng8 23. Rfe2 Nf6 24. Qh4 Rg4 25. Qh6 Rg6 26. Qh4 Qf8 27. Kg1 a5 28. a4 bxa4 29. Bxa4 Be7 30. Nxf5 exf5 31. Rxe7 Rxg2+ 32. Kf1 Rxd2 33. Bb3 Bg2+ 34. Kg1 Be4 35. dxe4 Qxe7 36. exf5 Qg7+ 37. Qg5 Re8 38. Kf1 Rxe1+ 39. Kxe1 Rxh2 0-1

[Event "SRB-chT 1st League CS"]
[Site "Bajina Basta"]
[Date "2021.09.27"]
[Round "2.5"]
[White "Vojinovic, Luka"]
[Black "Ivanovic, Marko"]
[Result "0-1"]
[WhiteElo "2246"]
[BlackElo "2300"]
[PlyCount "94"]
[EventDate "2021.09.26"]
[EventType "team-tourn"]
[EventRounds "11"]
[EventCountry "SRB"]
[SourceTitle "EXT 2023"]
[Source "ChessBase"]
[SourceDate "2022.10.05"]
[SourceVersion "1"]
[SourceVersionDate "2022.10.05"]
[SourceQuality "1"]
[WhiteTeam "Arandjelovac"]
[BlackTeam "Kostolac Rudar"]
[WhiteTeamCountry "SRB"]
[BlackTeamCountry "SRB"]

1. c4 e5 2. Nc3 Nf6 3. g3 d5 4. cxd5 Nxd5 5. Bg2 Nb6 6. d3 Be7 7. Nf3 Nc6 8. 0-0 0-0 9. a3 f5 10. b4 Bf6 11. Qb3+ Kh8 12. Bb2 Qe7 13. Nd2 Be6 14. Qc2 Rad8 15. Nb3 Nd4 16. Nxd4 exd4 17. Na4 Nxa4 18. Qxa4 Bd5 19. Bxd5 Rxd5 20. Qxa7 c6 21. a4 f4 22. b5 Qd7 23. Bc1 Be5 24. Bd2 Bb8 25. Qa8 Qh3 26. Bxf4 Bd6 27. Qxf8+ Bxf8 28. bxc6 Rh5 29. g4 Qxg4+ 30. Bg3 bxc6 31. a5 Rb5 32. a6 Bc5 33. Rfc1 Qc8 34. a7 Qa8 35. Bb8 h5 36. Ra6 Kh7 37. Rca1 Rxb8 38. axb8Q Qxb8 39. Rxc6 Bd6 40. h3 h4 41. Raa6 Be5 42. Re6 Bf6 43. Rac6 Qb5 44. Rb6 Qf5 45. Kg2 Be5 46. e3 dxe3 47. fxe3 Bg3 0-1

[Event "FIDE World Uni Rapid-B 1st"]
[Site "Tornelo INT"]
[Date "2021.03.21"]
[Round "10"]
[White "Toribio Alvarado, Brath"]
[Black "Vojinovic, Luka"]
[Result "0-1"]
[WhiteElo "1544"]
[BlackElo "2265"]
[PlyCount "102"]
[EventDate "2021.03.20"]
[EventType "swiss (rapid)"]
[EventRounds "12"]
[EventCountry "NET"]
[SourceTitle "CBM 201 Extra"]
[Source "ChessBase"]
[SourceDate "2021.05.31"]
[SourceVersion "1"]
[SourceVersionDate "2021.05.31"]
[SourceQuality "1"]

1. e4 c5 2. d4 cxd4 3. c3 dxc3 4. Nxc3 Nc6 5. Nf3 e6 6. Bc4 a6 7. 0-0 d6 8. Qe2 b5 9. Bb3 Na5 10. Bf4 Ne7 11. Rfd1 Ng6 12. Bxd6 Bxd6 13. e5 0-0 14. Rxd6 Qc7 15. Rad1 Bb7 16. Bc2 Nc4 17. Rd7 Qb8 18. Bxg6 hxg6 19. b3 Bxf3 20. gxf3 Nxe5 21. R7d6 f6 22. f4 Nf7 23. Rxe6 Qxf4 24. Re4 Qf5 25. Qg4 Rfd8 26. Rxd8+ Rxd8 27. Qxf5 gxf5 28. Re6 Rd6 29. Rxd6 Nxd6 30. Nd5 Kf7 31. f3 a5 32. Kf2 Ke6 33. Nc3 b4 34. Ne2 g5 35. h3 f4 36. Nc1 Kd5 37. Ke2 Kd4 38. Nd3 Nb5 39. Kd2 Nc3 40. Nc1 f5 41. Kc2 Ke3 42. a3 Kxf3 43. axb4 axb4 44. Nd3 Nd5 45. Ne5+ Kg3 46. Nf7 g4 47. Nh6 gxh3 48. Nxf5+ Kg4 49. Nh6+ Kf3 50. Nf5 h2 51. Nh4+ Kf2 0-1

[Event "FIDE World Uni Rapid-B 1st"]
[Site "Tornelo INT"]
[Date "2021.03.21"]
[Round "7"]
[White "Vojinovic, Luka"]
[Black "Owen, Michael1111"]
[Result "0-1"]
[WhiteElo "2265"]
[BlackElo "1991"]
[PlyCount "114"]
[EventDate "2021.03.20"]
[EventType "swiss (rapid)"]
[EventRounds "12"]
[EventCountry "NET"]
[SourceTitle "CBM 201 Extra"]
[Source "ChessBase"]
[SourceDate "2021.05.31"]
[SourceVersion "1"]
[SourceVersionDate "2021.05.31"]
[SourceQuality "1"]

1. d4 Nf6 2. c4 g6 3. Nc3 Bg7 4. e4 d6 5. Bd3 0-0 6. Nge2 Na6 7. 0-0 e5 8. d5 Nc5 9. Bc2 a5 10. Rb1 Bd7 11. b3 Nh5 12. a3 f5 13. exf5 gxf5 14. b4 axb4 15. axb4 Na6 16. f3 Kh8 17. Be3 Qh4 18. Bf2 Qg5 19. Qc1 Qg6 20. f4 Nxf4 21. Nxf4 exf4 22. Qd2 f3 23. g3 Qg4 24. Qd3 Be5 25. Bd1 f4 26. Bxf3 Qg7 27. Ne2 Bf5 28. Be4 Bh3 29. Rfe1 fxg3 30. Bxg3 Rae8 31. Kh1 Bf6 32. Nf4 Bg4 33. Rg1 Bg5 34. Ne6 Bxe6 35. dxe6 Qh6 36. Bxb7 Nb8 37. Rbf1 Rxe6 38. Rxf8+ Qxf8 39. Bd5 Rf6 40. Be1 Rg6 41. Bc3+ Bf6 42. Rf1 Nd7 43. Ra1 Bxc3 44. Qxc3+ Qf6 45. Ra8+ Kg7 46. Rg8+ Kh6 47. Qh3+ Kg5 48. Qe3+ Qf4 49. Qg1+ Kh6 50. Rxg6+ hxg6 51. b5 Ne5 52. Qe1 Nxc4 53. h3 Ne3 54. Bc6 Nf5 55. Kg2 Kg5 56. Qe2 Qg3+ 57. Kf1 Ne3+ 0-1

[Event "SRB-chT 1st League"]
[Site "Bajina Basta"]
[Date "2020.10.11"]
[Round "2.6"]
[White "Vojinovic, Luka"]
[Black "Todorovic, Goran M"]
[Result "0-1"]
[WhiteElo "2271"]
[BlackElo "2404"]
[PlyCount "60"]
[EventDate "2020.10.10"]
[EventType "team-tourn"]
[EventRounds "11"]
[EventCountry "SRB"]
[SourceTitle "CBM 198 Extra"]
[Source "ChessBase"]
[SourceDate "2020.11.30"]
[SourceVersion "1"]
[SourceVersionDate "2020.11.30"]
[SourceQuality "1"]
[WhiteTeam "Arandjelovac"]
[BlackTeam "Valjevo 2005"]
[WhiteTeamCountry "SRB"]
[BlackTeamCountry "SRB"]

1. d4 d5 2. Nf3 Nf6 3. e3 c5 4. dxc5 Nc6 5. a3 e6 6. c4 Bxc5 7. b4 Be7 8. Bb2 0-0 9. Nc3 a6 10. Be2 dxc4 11. Bxc4 Qc7 12. Qe2 Ng4 13. Ne4 Nce5 14. Rc1 Nxc4 15. Rxc4 Qd8 16. 0-0 b5 17. Rd1 bxc4 18. Rxd8 Rxd8 19. h3 Nh6 20. Qxc4 Bb7 21. Qc7 Bxe4 22. Qxe7 Nf5 23. Qg5 Rd1+ 24. Kh2 Bxf3 25. gxf3 Rd2 26. Be5 f6 27. Bxf6 Rxf2+ 28. Kh1 Re8 29. e4 Rc8 30. Qg1 Ng3+ 0-1

[Event "Gligoric Cup 5th"]
[Site "Novi Sad"]
[Date "2018.11.05"]
[Round "2.1"]
[White "Roganovic, Milos"]
[Black "Vojinovic, Luka"]
[Result "1-0"]
[WhiteElo "2524"]
[BlackElo "2240"]
[PlyCount "55"]
[EventDate "2018.11.04"]
[EventType "team-swiss"]
[EventRounds "5"]
[EventCountry "SRB"]
[SourceTitle "CBM 187 Extra"]
[Source "ChessBase"]
[SourceDate "2018.11.04"]
[SourceVersion "1"]
[SourceVersionDate "2018.11.04"]
[SourceQuality "1"]
[WhiteTeam "Goracici Jelica"]
[BlackTeam "Arandelovac"]
[WhiteTeamCountry "SRB"]
[BlackTeamCountry "SRB"]

1. e4 c5 2. Nf3 Nc6 3. d4 cxd4 4. Nxd4 g6 5. c4 Bg7 6. Be3 Nf6 7. Nc3 0-0 8. Be2 d6 9. 0-0 Bd7 10. Nc2 Ne5 11. h3 Bc6 12. f4 Ned7 13. Bf3 a5 14. Nd4 Qc7 15. Rc1 Rfd8 16. a3 Nc5 17. Nxc6 bxc6 18. b4 axb4 19. axb4 Nb7 20. b5 Na5 21. bxc6 Nxc6 22. Nd5 Qb7 23. Rb1 Nxd5 24. cxd5 Nb4 25. Kh2 Qb5 26. Bd2 Ra4 27. Qe1 Rb8 28. Bd1 1-0

[Event "Gligoric Cup 5th"]
[Site "Novi Sad"]
[Date "2018.11.04"]
[Round "1.5"]
[White "Jovic, Stevan"]
[Black "Vojinovic, Luka"]
[Result "1/2-1/2"]
[WhiteElo "2163"]
[BlackElo "2240"]
[PlyCount "86"]
[EventDate "2018.11.04"]
[EventType "team-swiss"]
[EventRounds "5"]
[EventCountry "SRB"]
[SourceTitle "CBM 187 Extra"]
[Source "ChessBase"]
[SourceDate "2018.11.04"]
[SourceVersion "1"]
[SourceVersionDate "2018.11.04"]
[SourceQuality "1"]
[WhiteTeam "Backi Petrovac Mladost"]
[BlackTeam "Arandelovac"]
[WhiteTeamCountry "SRB"]
[BlackTeamCountry "SRB"]

1. d4 d5 2. c4 c6 3. cxd5 cxd5 4. Nc3 Nf6 5. Nf3 Nc6 6. Bf4 Bf5 7. e3 e6 8. Bd3 Bg6 9. Ne5 Bd6 10. Nxc6 bxc6 11. Bxd6 Qxd6 12. 0-0 Nd7 13. Na4 e5 14. Rc1 exd4 15. exd4 0-0 16. Bxg6 hxg6 17. Nc5 Nf6 18. Qd3 Rab8 19. Rc2 Rfe8 20. Rfc1 Qf4 21. g3 Qg4 22. Qd1 Qh3 23. Qf1 Qh5 24. Kg2 g5 25. a3 g4 26. b4 Nh7 27. f4 Qf5 28. Qd3 Qxd3 29. Nxd3 Re3 30. Ne5 Rxa3 31. Rxc6 Ra2+ 32. Kg1 Nf6 33. Rc8+ Rxc8 34. Rxc8+ Kh7 35. Nxf7 Kg6 36. Ng5 Rd2 37. Rc7 a6 38. Ra7 Rxd4 39. Rxg7+ Kf5 40. Ra7 Rxb4 41. Rxa6 Rb1+ 42. Kg2 Rb2+ 43. Kg1 Rb1+ 1/2-1/2

[Event "SRB-chT2 West"]
[Site "Arandjelovac"]
[Date "2018.10.05"]
[Round "7.2"]
[White "Djukic, Sinisa"]
[Black "Vojinovic, Luka"]
[Result "0-1"]
[WhiteElo "2039"]
[BlackElo "2205"]
[PlyCount "62"]
[EventDate "2018.09.07"]
[EventType "team-tourn"]
[EventRounds "11"]
[EventCountry "SRB"]
[SourceTitle "EXT 2021"]
[Source "ChessBase"]
[SourceDate "2020.10.23"]
[SourceVersion "1"]
[SourceVersionDate "2020.10.23"]
[SourceQuality "1"]
[WhiteTeam "Aleksandrovac Zupa"]
[BlackTeam "Arandjelovac"]
[WhiteTeamCountry "SRB"]
[BlackTeamCountry "SRB"]

1. d4 d5 2. Nf3 Nf6 3. Bg5 Ne4 4. Bf4 c5 5. Bxb8 Rxb8 6. c3 e6 7. dxc5 Bxc5 8. e3 0-0 9. Nbd2 f5 10. g3 b5 11. a3 Qf6 12. Nd4 Bd7 13. Bg2 e5 14. N4b3 Bb6 15. 0-0 Bc6 16. Nxe4 fxe4 17. Qc2 a5 18. Rad1 h5 19. Qe2 Qg5 20. Na1 Rf6 21. Nc2 h4 22. g4 h3 23. Bxh3 Rf3 24. Bg2 Rbf8 25. h3 Qh4 26. Ne1 Rxh3 27. Bxh3 Qxh3 28. Ng2 Bb7 29. f4 exf4 30. Qf2 Rf6 31. g5 fxe3 0-1

[Event "SRB-chT2 West"]
[Site "Arandjelovac"]
[Date "2018.10.05"]
[Round "8.4"]
[White "Vojinovic, Luka"]
[Black "Naskovic, Filip"]
[Result "1-0"]
[WhiteElo "2205"]
[BlackElo "2197"]
[PlyCount "69"]
[EventDate "2018.09.07"]
[EventType "team-tourn"]
[EventRounds "11"]
[EventCountry "SRB"]
[SourceTitle "EXT 2021"]
[Source "ChessBase"]
[SourceDate "2020.10.23"]
[SourceVersion "1"]
[SourceVersionDate "2020.10.23"]
[SourceQuality "1"]
[WhiteTeam "Arandjelovac"]
[BlackTeam "Ivanjica"]
[WhiteTeamCountry "SRB"]
[BlackTeamCountry "SRB"]

1. d4 Nf6 2. Nf3 e6 3. e3 b6 4. Bd3 Bb7 5. Nbd2 Be7 6. b3 d6 7. Bb2 Nbd7 8. 0-0 c5 9. c4 Qc7 10. a3 0-0-0 11. e4 e5 12. d5 g6 13. b4 Nh5 14. Re1 Rdf8 15. Bc3 f5 16. a4 f4 17. Be2 Ng7 18. a5 Kb8 19. axb6 axb6 20. Nb1 cxb4 21. Bxb4 Nc5 22. Nc3 Ne8 23. Qc2 g5 24. Nd2 Qc8 25. Reb1 Bd8 26. Nb5 Qd7 27. Ra3 Nc7 28. Bxc5 bxc5 29. Qb2 Nxb5 30. cxb5 Bc7 31. Nc4 Re8 32. Rba1 Kc8 33. Ra7 Bd8 34. Qa2 Qc7 35. Bg4+ 1-0

[Event "SRB-chT2 West"]
[Site "Arandjelovac"]
[Date "2018.10.04"]
[Round "6.4"]
[White "Vojinovic, Luka"]
[Black "Misojcic, Miroslav"]
[Result "1-0"]
[WhiteElo "2205"]
[BlackElo "2244"]
[PlyCount "93"]
[EventDate "2018.09.07"]
[EventType "team-tourn"]
[EventRounds "11"]
[EventCountry "SRB"]
[SourceTitle "EXT 2021"]
[Source "ChessBase"]
[SourceDate "2020.10.23"]
[SourceVersion "1"]
[SourceVersionDate "2020.10.23"]
[SourceQuality "1"]
[WhiteTeam "Arandjelovac"]
[BlackTeam "Uzice Sloboda"]
[WhiteTeamCountry "SRB"]
[BlackTeamCountry "SRB"]

1. d4 d5 2. Nf3 Nf6 3. e3 c6 4. Bd3 e6 5. b3 Nbd7 6. 0-0 b6 7. Bb2 Bb7 8. Nbd2 Bd6 9. Ne5 0-0 10. f4 c5 11. Qe1 Ne4 12. Nxe4 dxe4 13. Bc4 Nf6 14. f5 exf5 15. dxc5 Bxc5 16. Rd1 Qe7 17. Rxf5 Rad8 18. Rxd8 Qxd8 19. b4 Be7 20. Bd4 Qc8 21. Rg5 Ne8 22. Rg3 Bf6 23. Qf1 Qc7 24. Ng4 Bxd4 25. exd4 Qd6 26. c3 Bd5 27. Ne3 Bxc4 28. Qxc4 Kh8 29. Qb5 f5 30. Rh3 f4 31. Nc4 Qe6 32. Ne5 e3 33. Qd7 Qxd7 34. Nxd7 Rf7 35. Ne5 Rc7 36. Ng6+ Kg8 37. Nxf4 Rxc3 38. Kf1 Nd6 39. Nd5 Rd3 40. Rf3 h6 41. Nxe3 Rxd4 42. a3 Rd3 43. Nc2 Rd1+ 44. Ke2 Rg1 45. Ne1 Nb5 46. Rd3 g5 47. a4 1-0

[Event "Serbia Central Cup"]
[Site "Kragujevac"]
[Date "2018.05.02"]
[Round "6"]
[White "Zlatanovic, Zoran"]
[Black "Vojinovic, Luka"]
[Result "1/2-1/2"]
[WhiteElo "2070"]
[BlackElo "2207"]
[PlyCount "42"]
[EventDate "2018.04.29"]
[EventType "swiss"]
[EventRounds "6"]
[EventCountry "SRB"]
[SourceTitle "CBM 184 Extra"]
[Source "ChessBase"]
[SourceDate "2018.06.28"]
[SourceVersion "1"]
[SourceVersionDate "2018.06.28"]
[SourceQuality "1"]

1. e4 c5 2. Nf3 Nc6 3. d3 g6 4. g3 Bg7 5. Bg2 d6 6. 0-0 Nf6 7. Re1 0-0 8. c3 Nd7 9. d4 Rb8 10. Na3 b5 11. Nc2 b4 12. d5 Nce5 13. cxb4 Nxf3+ 14. Bxf3 cxb4 15. Nd4 Ne5 16. Be2 Bd7 17. Be3 h5 18. Qd2 Qc7 19. Rec1 Qb7 20. Rc2 Rfc8 21. Rac1 a5 1/2-1/2

[Event "Serbia Central Cup"]
[Site "Kragujevac"]
[Date "2018.05.01"]
[Round "5"]
[White "Vojinovic, Luka"]
[Black "Stojanovic, Zlatko"]
[Result "1-0"]
[WhiteElo "2207"]
[BlackElo "2164"]
[PlyCount "73"]
[EventDate "2018.04.29"]
[EventType "swiss"]
[EventRounds "6"]
[EventCountry "SRB"]
[SourceTitle "CBM 184 Extra"]
[Source "ChessBase"]
[SourceDate "2018.06.28"]
[SourceVersion "1"]
[SourceVersionDate "2018.06.28"]
[SourceQuality "1"]

1. d4 d6 2. c4 g6 3. Nc3 Bg7 4. e4 Nc6 5. Be3 e5 6. d5 Nce7 7. Bd3 f5 8. f3 Nf6 9. Nge2 0-0 10. Qd2 fxe4 11. Nxe4 Kh8 12. 0-0 c6 13. Nxf6 Bxf6 14. Be4 c5 15. g4 a5 16. Nc3 Bd7 17. b3 Qe8 18. Bd3 Ng8 19. Rab1 Bg7 20. Ne4 Ra6 21. a4 Nf6 22. Ng3 Ra8 23. Rbe1 Qd8 24. Kg2 Qb6 25. Qc2 Rf7 26. h4 Raf8 27. h5 gxh5 28. g5 e4 29. gxf6 exd3 30. fxg7+ Rxg7 31. Qb2 Qd8 32. Bh6 Rff7 33. Rg1 d2 34. Bxg7+ Rxg7 35. Qxd2 h4 36. Qf4 hxg3 37. Rh1 1-0

[Event "SRB-chT 1st League"]
[Site "Banja Vrujci"]
[Date "2017.09.17"]
[Round "2.1"]
[White "Pantelic, Sasa"]
[Black "Vojinovic, Luka"]
[Result "1-0"]
[WhiteElo "2300"]
[BlackElo "2223"]
[PlyCount "75"]
[EventDate "2017.09.16"]
[EventType "team"]
[EventRounds "11"]
[EventCountry "SRB"]
[SourceTitle "CBM 180 Extra"]
[Source "ChessBase"]
[SourceDate "2017.10.06"]
[SourceVersion "1"]
[SourceVersionDate "2017.10.06"]
[SourceQuality "1"]
[WhiteTeam "Sabac"]
[BlackTeam "Arandjelovac"]
[WhiteTeamCountry "SRB"]
[BlackTeamCountry "SRB"]

1. d4 d5 2. c4 c6 3. cxd5 cxd5 4. Nc3 Nf6 5. Bf4 Nc6 6. e3 Bf5 7. Qb3 Na5 8. Qa4+ Bd7 9. Qc2 Rc8 10. Bd3 e6 11. Nf3 b5 12. a3 Be7 13. 0-0 0-0 14. Rfc1 Nc4 15. Ne5 a5 16. Qe2 a4 17. h3 Be8 18. Rd1 Nd7 19. e4 Ndxe5 20. Bxe5 f6 21. Bg3 Bd6 22. exd5 Bxg3 23. fxg3 exd5 24. Bf5 Bd7 25. Nxd5 Re8 26. Qh5 Bxf5 27. Qxf5 Nxb2 28. Re1 Kh8 29. Kh2 Nc4 30. Rxe8+ Qxe8 31. Re1 Qf8 32. Ne7 Rb8 33. Qc5 g6 34. Re6 Qf7 35. d5 Ne5 36. Nc6 Qc7 37. Re7 Qb6 38. Re8+ 1-0